00656 a2200205 4500999001500000010001400015020002200029035001300051037001500064082001000079100001800089245006300107260006600170260000800236300002800244500002000272700001800292942003000310952011000340 c4449d4449 aENG-86311 a8172149190c95.00 aEN-69844 bDBAD / PUB14a280.31 aCorwin, Chuck10aTheology for dummies /cby Chuck Corwin [and] C. V. Mathew aDelhibIndian Society for Promoting Christian Knowledgec2006 bUBS ax, 106 p. c21 cm. (Hb) aIncludes index. aMathew, C. V. adplcEN2ddch280.3 mCOR 001040718NFICaDBADbDBADeDBAD/PUBg95.00l0o280.3 CORpEN-69844r2008-09-15 00:00:00t1v95.00yEN